01025naa a2200169 i 45000010005000000030009000050050017000140080039000310400029000700410008000991000163001072450093002706550030003637000134003937110091005277730237006189718KOSZ 00520180406134149.0180406s1999 pl f |100 0 eng cKOSZ 005/HRaKOSZ 005/HR aeng1 aHRYNIEWICZ, Zdzisław.d1982-1999.bWyższa Szkoła Inżynierska w Koszalinie - Wydział Inżynierii Lądowej i Sanitarnej,cZakład Podstaw Projektowania10aOn transverse waves in beam on random foundation /cZdzisław Hryniewicz, Piotr Kozioł. 0aMateriały konferencyjne. aKOZIOŁ, Piotr.bPolitechnika Koszalińska - Wydział Budownictwa i Inżynierii Środowiska,cKatedra Matematykid1997 - 1999. aPolish Conference on Computer Methods in Mechanicsn(14 ;d1999 ;cRzeszów, Polska). tComputer methods in mechanics : proceedings of the XIV Polish Conference on Computer Methods in Mechanics, 26-28 May 1999, Rzeszów, Poland. -dRzeszów : Oficyna Wydaw. Politechniki Rzeszowskiej, 1999. -gs. 119-120.z8371990952